Một số phương pháp chọn lọc giải các bài toán sơ cấp Tài liệu dùng cho học sinh chuẩn bị thi vào các trường đại học và bồi dưỡng học sinh giỏi toán T.2

Gardado en:
Detalles Bibliográficos
Autor Principal: Phan, Đức Chính
Outros autores: Phạm, Văn Điều
Formato: Libro
Idioma:Undetermined
Publicado: H. Đại học Quốc gia Hà Nội 2001
Những chủ đề:
Acceso en liña:http://lrc.tdmu.edu.vn/opac/search/detail.asp?aID=2&ID=6366
Các nhãn: Engadir etiqueta
Sen Etiquetas, Sexa o primeiro en etiquetar este rexistro!
Thư viện lưu trữ: Trung tâm Học liệu Trường Đại học Thủ Dầu Một
LEADER 00892nam a2200229Ia 4500
001 TDMU_6366
008 210410s9999 xx 000 0 und d
082 |a 510.71 
090 |b PH105 
100 |a Phan, Đức Chính 
245 0 |a Một số phương pháp chọn lọc giải các bài toán sơ cấp 
245 0 |b Tài liệu dùng cho học sinh chuẩn bị thi vào các trường đại học và bồi dưỡng học sinh giỏi toán 
245 0 |c Phan Đức Chính 
245 0 |n T.2 
260 |a H. 
260 |b Đại học Quốc gia Hà Nội 
260 |c 2001 
300 |a 436tr. 
650 |a Toán học; Phương pháp giải toán  
700 |a Phạm, Văn Điều 
856 |u http://lrc.tdmu.edu.vn/opac/search/detail.asp?aID=2&ID=6366 
980 |a Trung tâm Học liệu Trường Đại học Thủ Dầu Một